<?xml version="1.0" encoding="UTF-8"?>
<record
    xmlns:xsi="http://www.w3.org/2001/XMLSchema-instance"
    xsi:schemaLocation="http://www.loc.gov/MARC21/slim http://www.loc.gov/standards/marcxml/schema/MARC21slim.xsd"
    xmlns="http://www.loc.gov/MARC21/slim">

  <leader>01383nam a22002537a 4500</leader>
  <datafield tag="999" ind1=" " ind2=" ">
    <subfield code="c">98109</subfield>
    <subfield code="d">98109</subfield>
  </datafield>
  <controlfield tag="005">20181119112223.0</controlfield>
  <datafield tag="010" ind1=" " ind2=" ">
    <subfield code="a">HIN-106674    B-705282-292</subfield>
  </datafield>
  <datafield tag="020" ind1=" " ind2=" ">
    <subfield code="a">9788171383061</subfield>
    <subfield code="c">300.00</subfield>
  </datafield>
  <datafield tag="035" ind1=" " ind2=" ">
    <subfield code="a">HN-79020</subfield>
  </datafield>
  <datafield tag="035" ind1=" " ind2=" ">
    <subfield code="a">B-705282-292</subfield>
  </datafield>
  <datafield tag="037" ind1=" " ind2=" ">
    <subfield code="b">DBAD/PUB.</subfield>
  </datafield>
  <datafield tag="037" ind1=" " ind2=" ">
    <subfield code="b">&#x938;&#x93E;&#x92E;&#x92F;&#x93F;&#x915; &#x92A;&#x94D;&#x930;&#x915;&#x93E;&#x936;&#x928;</subfield>
  </datafield>
  <datafield tag="082" ind1=" " ind2=" ">
    <subfield code="a">&#x915;</subfield>
  </datafield>
  <datafield tag="100" ind1=" " ind2=" ">
    <subfield code="a">&#x936;&#x930;&#x94D;&#x92E;&#x93E;, &#x924;&#x947;&#x91C;&#x947;&#x928;&#x94D;&#x926;&#x94D;&#x930;</subfield>
  </datafield>
  <datafield tag="245" ind1=" " ind2=" ">
    <subfield code="a">&#x938;&#x92A;&#x928;&#x947; &#x92E;&#x930;&#x924;&#x947; &#x928;&#x939;&#x940;&#x902; /</subfield>
    <subfield code="c">&#x924;&#x947;&#x91C;&#x947;&#x928;&#x94D;&#x926;&#x94D;&#x930; &#x936;&#x930;&#x94D;&#x92E;&#x93E;</subfield>
  </datafield>
  <datafield tag="246" ind1=" " ind2=" ">
    <subfield code="a">Sapne Marte Nahin</subfield>
  </datafield>
  <datafield tag="250" ind1=" " ind2=" ">
    <subfield code="a">2&#x930;&#x93E; &#x938;&#x902;&#x938;&#x94D;&#x915;</subfield>
  </datafield>
  <datafield tag="260" ind1=" " ind2=" ">
    <subfield code="a">&#x928;&#x908; &#x926;&#x93F;&#x932;&#x94D;&#x932;&#x940;</subfield>
    <subfield code="b">&#x938;&#x93E;&#x92E;&#x92F;&#x93F;&#x915; &#x92A;&#x94D;&#x930;&#x915;&#x93E;&#x936;&#x928;</subfield>
    <subfield code="c">2015</subfield>
    <subfield code="c">2017</subfield>
  </datafield>
  <datafield tag="270" ind1=" " ind2=" ">
    <subfield code="a">3320-21, &#x91C;&#x91F;&#x935;&#x93E;&#x921;&#x93C;&#x93E;, &#x928;&#x947;&#x924;&#x93E;&#x91C;&#x940; &#x938;&#x941;&#x92D;&#x93E;&#x937; &#x92E;&#x93E;&#x930;&#x94D;&#x917; &#x926;&#x930;&#x93F;&#x92F;&#x93E;&#x917;&#x902;&#x91C;</subfield>
    <subfield code="b">&#x928;&#x908; &#x926;&#x93F;&#x932;&#x94D;&#x932;&#x940;</subfield>
    <subfield code="c">&#x926;&#x93F;&#x932;&#x94D;&#x932;&#x940;</subfield>
    <subfield code="e">110002</subfield>
    <subfield code="k">011-23282733</subfield>
    <subfield code="l">23270715, 09811607086</subfield>
  </datafield>
  <datafield tag="300" ind1=" " ind2=" ">
    <subfield code="a">160&#x92A;&#x943;</subfield>
    <subfield code="c">22&#x938;&#x947;&#x92E;&#x940; (&#x938;&#x91C;&#x93F;&#x932;&#x94D;&#x926;)</subfield>
  </datafield>
  <datafield tag="650" ind1=" " ind2=" ">
    <subfield code="a">&#x939;&#x93F;&#x928;&#x94D;&#x926;&#x940; &#x932;&#x918;&#x941;-&#x915;&#x925;&#x93E;&#x90F;&#x901;</subfield>
  </datafield>
  <datafield tag="942" ind1=" " ind2=" ">
    <subfield code="a">dpl</subfield>
    <subfield code="c">HN</subfield>
    <subfield code="2">ddc</subfield>
    <subfield code="h">&#x915;</subfield>
    <subfield code="m">&#x936;&#x930;&#x94D;&#x92E;&#x93E;&#x924;&#x947;</subfield>
  </datafield>
  <datafield tag="952" ind1=" " ind2=" ">
    <subfield code="0">0</subfield>
    <subfield code="1">0</subfield>
    <subfield code="4">0</subfield>
    <subfield code="7">0</subfield>
    <subfield code="8">FIC</subfield>
    <subfield code="a">AV</subfield>
    <subfield code="b">AV</subfield>
    <subfield code="d">2015-11-06</subfield>
    <subfield code="e">DBAD/PUB.</subfield>
    <subfield code="g">300.00</subfield>
    <subfield code="l">1</subfield>
    <subfield code="o">&#x915; &#x936;&#x930;&#x94D;&#x92E;&#x93E;&#x924;&#x947;</subfield>
    <subfield code="p">HN-79020</subfield>
    <subfield code="r">2022-10-22 00:00:00</subfield>
    <subfield code="s">2022-10-17</subfield>
    <subfield code="t">1</subfield>
    <subfield code="v">300.00</subfield>
    <subfield code="y">HN</subfield>
  </datafield>
  <datafield tag="952" ind1=" " ind2=" ">
    <subfield code="0">0</subfield>
    <subfield code="1">0</subfield>
    <subfield code="4">0</subfield>
    <subfield code="7">0</subfield>
    <subfield code="8">FIC</subfield>
    <subfield code="a">L</subfield>
    <subfield code="b">L</subfield>
    <subfield code="d">2018-10-17</subfield>
    <subfield code="e">&#x938;&#x93E;&#x92E;&#x92F;&#x93F;&#x915; &#x92A;&#x94D;&#x930;&#x915;&#x93E;&#x936;&#x928; BL-114/19.05.18/375/04.05.18/10.09.18</subfield>
    <subfield code="g">300.00</subfield>
    <subfield code="l">12</subfield>
    <subfield code="m">6</subfield>
    <subfield code="o">&#x915; &#x936;&#x930;&#x94D;&#x92E;&#x93E;&#x924;&#x947;</subfield>
    <subfield code="p">B-705282</subfield>
    <subfield code="r">2024-10-21 00:00:00</subfield>
    <subfield code="s">2024-10-01</subfield>
    <subfield code="t">1</subfield>
    <subfield code="v">300.00</subfield>
    <subfield code="y">HN</subfield>
  </datafield>
  <datafield tag="952" ind1=" " ind2=" ">
    <subfield code="0">0</subfield>
    <subfield code="1">0</subfield>
    <subfield code="4">0</subfield>
    <subfield code="7">0</subfield>
    <subfield code="8">FIC</subfield>
    <subfield code="a">M</subfield>
    <subfield code="b">M</subfield>
    <subfield code="d">2018-10-17</subfield>
    <subfield code="e">&#x938;&#x93E;&#x92E;&#x92F;&#x93F;&#x915; &#x92A;&#x94D;&#x930;&#x915;&#x93E;&#x936;&#x928; BL-114/19.05.18/375/04.05.18/10.09.18</subfield>
    <subfield code="g">300.00</subfield>
    <subfield code="l">0</subfield>
    <subfield code="o">&#x915; &#x936;&#x930;&#x94D;&#x92E;&#x93E;&#x924;&#x947;</subfield>
    <subfield code="p">B-705283</subfield>
    <subfield code="r">2018-10-17 00:00:00</subfield>
    <subfield code="t">4</subfield>
    <subfield code="v">300.00</subfield>
    <subfield code="y">HN</subfield>
  </datafield>
  <datafield tag="952" ind1=" " ind2=" ">
    <subfield code="0">0</subfield>
    <subfield code="1">0</subfield>
    <subfield code="4">0</subfield>
    <subfield code="7">0</subfield>
    <subfield code="8">FIC</subfield>
    <subfield code="a">M</subfield>
    <subfield code="b">M</subfield>
    <subfield code="d">2018-10-17</subfield>
    <subfield code="e">&#x938;&#x93E;&#x92E;&#x92F;&#x93F;&#x915; &#x92A;&#x94D;&#x930;&#x915;&#x93E;&#x936;&#x928; BL-114/19.05.18/375/04.05.18/10.09.18</subfield>
    <subfield code="g">300.00</subfield>
    <subfield code="l">0</subfield>
    <subfield code="o">&#x915; &#x936;&#x930;&#x94D;&#x92E;&#x93E;&#x924;&#x947;</subfield>
    <subfield code="p">B-705284</subfield>
    <subfield code="r">2018-10-17 00:00:00</subfield>
    <subfield code="t">4</subfield>
    <subfield code="v">300.00</subfield>
    <subfield code="y">HN</subfield>
  </datafield>
  <datafield tag="952" ind1=" " ind2=" ">
    <subfield code="0">0</subfield>
    <subfield code="1">0</subfield>
    <subfield code="4">0</subfield>
    <subfield code="7">0</subfield>
    <subfield code="8">FIC</subfield>
    <subfield code="a">M</subfield>
    <subfield code="b">M</subfield>
    <subfield code="d">2018-10-17</subfield>
    <subfield code="e">&#x938;&#x93E;&#x92E;&#x92F;&#x93F;&#x915; &#x92A;&#x94D;&#x930;&#x915;&#x93E;&#x936;&#x928; BL-114/19.05.18/375/04.05.18/10.09.18</subfield>
    <subfield code="g">300.00</subfield>
    <subfield code="l">0</subfield>
    <subfield code="o">&#x915; &#x936;&#x930;&#x94D;&#x92E;&#x93E;&#x924;&#x947;</subfield>
    <subfield code="p">B-705285</subfield>
    <subfield code="r">2018-10-17 00:00:00</subfield>
    <subfield code="t">4</subfield>
    <subfield code="v">300.00</subfield>
    <subfield code="y">HN</subfield>
  </datafield>
  <datafield tag="952" ind1=" " ind2=" ">
    <subfield code="0">0</subfield>
    <subfield code="1">0</subfield>
    <subfield code="4">0</subfield>
    <subfield code="7">0</subfield>
    <subfield code="8">FIC</subfield>
    <subfield code="a">M</subfield>
    <subfield code="b">M</subfield>
    <subfield code="d">2018-10-17</subfield>
    <subfield code="e">&#x938;&#x93E;&#x92E;&#x92F;&#x93F;&#x915; &#x92A;&#x94D;&#x930;&#x915;&#x93E;&#x936;&#x928; BL-114/19.05.18/375/04.05.18/10.09.18</subfield>
    <subfield code="g">300.00</subfield>
    <subfield code="l">0</subfield>
    <subfield code="o">&#x915; &#x936;&#x930;&#x94D;&#x92E;&#x93E;&#x924;&#x947;</subfield>
    <subfield code="p">B-705286</subfield>
    <subfield code="r">2018-10-17 00:00:00</subfield>
    <subfield code="t">4</subfield>
    <subfield code="v">300.00</subfield>
    <subfield code="y">HN</subfield>
  </datafield>
  <datafield tag="952" ind1=" " ind2=" ">
    <subfield code="0">0</subfield>
    <subfield code="1">0</subfield>
    <subfield code="4">0</subfield>
    <subfield code="7">0</subfield>
    <subfield code="8">FIC</subfield>
    <subfield code="a">NPL</subfield>
    <subfield code="b">NPL</subfield>
    <subfield code="d">2018-10-17</subfield>
    <subfield code="e">&#x938;&#x93E;&#x92E;&#x92F;&#x93F;&#x915; &#x92A;&#x94D;&#x930;&#x915;&#x93E;&#x936;&#x928; BL-114/19.05.18/375/04.05.18/10.09.18</subfield>
    <subfield code="g">300.00</subfield>
    <subfield code="l">0</subfield>
    <subfield code="o">&#x915; &#x936;&#x930;&#x94D;&#x92E;&#x93E;&#x924;&#x947;</subfield>
    <subfield code="p">B-705287</subfield>
    <subfield code="r">2018-10-17 00:00:00</subfield>
    <subfield code="t">1</subfield>
    <subfield code="v">300.00</subfield>
    <subfield code="y">HN</subfield>
  </datafield>
  <datafield tag="952" ind1=" " ind2=" ">
    <subfield code="0">0</subfield>
    <subfield code="1">0</subfield>
    <subfield code="4">0</subfield>
    <subfield code="7">0</subfield>
    <subfield code="8">FIC</subfield>
    <subfield code="a">AV</subfield>
    <subfield code="b">AV</subfield>
    <subfield code="d">2018-10-17</subfield>
    <subfield code="e">&#x938;&#x93E;&#x92E;&#x92F;&#x93F;&#x915; &#x92A;&#x94D;&#x930;&#x915;&#x93E;&#x936;&#x928; BL-114/19.05.18/375/04.05.18/10.09.18</subfield>
    <subfield code="g">300.00</subfield>
    <subfield code="l">0</subfield>
    <subfield code="o">&#x915; &#x936;&#x930;&#x94D;&#x92E;&#x93E;&#x924;&#x947;</subfield>
    <subfield code="p">B-705288</subfield>
    <subfield code="r">2018-10-17 00:00:00</subfield>
    <subfield code="t">1</subfield>
    <subfield code="v">300.00</subfield>
    <subfield code="y">HN</subfield>
  </datafield>
  <datafield tag="952" ind1=" " ind2=" ">
    <subfield code="0">0</subfield>
    <subfield code="1">0</subfield>
    <subfield code="4">0</subfield>
    <subfield code="7">0</subfield>
    <subfield code="8">FIC</subfield>
    <subfield code="a">BL1</subfield>
    <subfield code="b">BL1</subfield>
    <subfield code="d">2018-10-17</subfield>
    <subfield code="e">&#x938;&#x93E;&#x92E;&#x92F;&#x93F;&#x915; &#x92A;&#x94D;&#x930;&#x915;&#x93E;&#x936;&#x928; BL-114/19.05.18/375/04.05.18/10.09.18</subfield>
    <subfield code="g">300.00</subfield>
    <subfield code="l">10</subfield>
    <subfield code="m">1</subfield>
    <subfield code="o">&#x915; &#x936;&#x930;&#x94D;&#x92E;&#x93E;&#x924;&#x947;</subfield>
    <subfield code="p">B-705289</subfield>
    <subfield code="r">2024-10-29 00:00:00</subfield>
    <subfield code="s">2024-10-10</subfield>
    <subfield code="t">1</subfield>
    <subfield code="v">300.00</subfield>
    <subfield code="y">HN</subfield>
  </datafield>
  <datafield tag="952" ind1=" " ind2=" ">
    <subfield code="0">0</subfield>
    <subfield code="1">0</subfield>
    <subfield code="4">0</subfield>
    <subfield code="7">0</subfield>
    <subfield code="8">FIC</subfield>
    <subfield code="a">JP</subfield>
    <subfield code="b">JP</subfield>
    <subfield code="d">2018-10-17</subfield>
    <subfield code="e">&#x938;&#x93E;&#x92E;&#x92F;&#x93F;&#x915; &#x92A;&#x94D;&#x930;&#x915;&#x93E;&#x936;&#x928; BL-114/19.05.18/375/04.05.18/10.09.18</subfield>
    <subfield code="g">300.00</subfield>
    <subfield code="l">19</subfield>
    <subfield code="m">3</subfield>
    <subfield code="o">&#x915; &#x936;&#x930;&#x94D;&#x92E;&#x93E;&#x924;&#x947;</subfield>
    <subfield code="p">B-705290</subfield>
    <subfield code="r">2025-12-08 00:00:00</subfield>
    <subfield code="s">2025-12-02</subfield>
    <subfield code="t">1</subfield>
    <subfield code="v">300.00</subfield>
    <subfield code="y">HN</subfield>
  </datafield>
  <datafield tag="952" ind1=" " ind2=" ">
    <subfield code="0">0</subfield>
    <subfield code="1">0</subfield>
    <subfield code="4">0</subfield>
    <subfield code="7">0</subfield>
    <subfield code="8">FIC</subfield>
    <subfield code="a">NR</subfield>
    <subfield code="b">NR</subfield>
    <subfield code="d">2018-10-17</subfield>
    <subfield code="e">&#x938;&#x93E;&#x92E;&#x92F;&#x93F;&#x915; &#x92A;&#x94D;&#x930;&#x915;&#x93E;&#x936;&#x928; BL-114/19.05.18/375/04.05.18/10.09.18</subfield>
    <subfield code="g">300.00</subfield>
    <subfield code="l">0</subfield>
    <subfield code="o">&#x915; &#x936;&#x930;&#x94D;&#x92E;&#x93E;&#x924;&#x947;</subfield>
    <subfield code="p">B-705291</subfield>
    <subfield code="r">2018-10-17 00:00:00</subfield>
    <subfield code="t">1</subfield>
    <subfield code="v">300.00</subfield>
    <subfield code="y">HN</subfield>
  </datafield>
  <datafield tag="952" ind1=" " ind2=" ">
    <subfield code="0">0</subfield>
    <subfield code="1">0</subfield>
    <subfield code="4">0</subfield>
    <subfield code="7">0</subfield>
    <subfield code="8">FIC</subfield>
    <subfield code="a">BN</subfield>
    <subfield code="b">BN</subfield>
    <subfield code="d">2018-10-17</subfield>
    <subfield code="e">&#x938;&#x93E;&#x92E;&#x92F;&#x93F;&#x915; &#x92A;&#x94D;&#x930;&#x915;&#x93E;&#x936;&#x928; BL-114/19.05.18/375/04.05.18/10.09.18</subfield>
    <subfield code="g">300.00</subfield>
    <subfield code="l">4</subfield>
    <subfield code="m">1</subfield>
    <subfield code="o">&#x915; &#x936;&#x930;&#x94D;&#x92E;&#x93E;&#x924;&#x947;</subfield>
    <subfield code="p">B-705292</subfield>
    <subfield code="r">2020-02-18 00:00:00</subfield>
    <subfield code="s">2020-01-18</subfield>
    <subfield code="t">1</subfield>
    <subfield code="v">300.00</subfield>
    <subfield code="y">HN</subfield>
  </datafield>
</record>
